Pays du Monde par code ISO sur une carte - Statistiques

Statistiques générales
  • Ce quiz a été pris 75 fois
  • Le résultat moyen est 9 sur 196
Réponses sur la Carte
Les réponses sont colorées sur une échelle allant du rouge au vert en fonction du pourcentage des utilisateurs qui les ont devinées à leur premier essai. Vous pouvez retrouver ces pourcentages ci-dessous.
 
Statistiques - réponses
Code ISO % Correct
fr
84%
us
60%
ca
53%
es
40%
ch
37%
me
35%
br
33%
ru
30%
al
28%
mx
28%
au
23%
it
23%
ar
21%
cn
19%
de
19%
fi
16%
gb
16%
ir
16%
pa
16%
pt
16%
is
14%
jp
14%
no
14%
pl
14%
be
12%
co
12%
in
12%
at
9%
ci
9%
dz
9%
id
9%
ma
9%
ag
7%
cl
7%
ie
7%
af
5%
bo
5%
cu
5%
cz
5%
dk
5%
ge
5%
il
5%
li
5%
lt
5%
ml
5%
nl
5%
nz
5%
pg
5%
ro
5%
se
5%
ad
2%
am
2%
bi
2%
bz
2%
cr
2%
ec
2%
et
2%
ga
2%
gn
2%
gt
2%
jm
2%
kn
2%
kr
2%
lv
2%
mn
2%
mt
2%
ni
2%
pe
2%
tn
2%
tr
2%
ua
2%
ug
2%
za
2%
ae
0%
ao
0%
az
0%
ba
0%
bb
0%
bd
0%
bf
0%
bg
0%
bh
0%
bj
0%
bn
0%
bs
0%
bt
0%
bw
0%
by
0%
cd
0%
cf
0%
cg
0%
cm
0%
cv
0%
cy
0%
dj
0%
dm
0%
do
0%
ee
0%
eg
0%
er
0%
fj
0%
fm
0%
gd
0%
gh
0%
gm
0%
gq
0%
gr
0%
gw
0%
gy
0%
hn
0%
hr
0%
ht
0%
hu
0%
iq
0%
jo
0%
ke
0%
kg
0%
kh
0%
ki
0%
km
0%
kp
0%
kw
0%
kz
0%
la
0%
lb
0%
lc
0%
lk
0%
lr
0%
ls
0%
lu
0%
ly
0%
mc
0%
md
0%
mg
0%
mh
0%
mk
0%
mm
0%
mr
0%
mu
0%
mv
0%
mw
0%
my
0%
mz
0%
na
0%
ne
0%
ng
0%
np
0%
nr
0%
om
0%
ph
0%
pk
0%
pw
0%
py
0%
qa
0%
rs
0%
rw
0%
sa
0%
sb
0%
sc
0%
sd
0%
sg
0%
si
0%
sk
0%
sl
0%
sm
0%
sn
0%
so
0%
sr
0%
ss
0%
st
0%
sv
0%
sy
0%
sz
0%
td
0%
tg
0%
th
0%
tj
0%
tl
0%
tm
0%
to
0%
tt
0%
tv
0%
tw
0%
tz
0%
uy
0%
uz
0%
va
0%
vc
0%
ve
0%
vn
0%
vu
0%
ws
0%
xk
0%
ye
0%
zm
0%
zw
0%
Aucun quiz correspondant
Distribution des résultats
% des personnes avec chaque résultat
Percentile par nombre de réponses
Votre historique - résultats
Vous n’avez pas pris ce quiz